[Event "DOM-ch"]
[Site "Santo Domingo"]
[Date "2017.05.05"]
[Round "9"]
[White "Munoz Santana, Jose Lisandro"]
[Black "Rodriguez Nunez, Jose Altagracia"]
[Result "1-0"]
[WhiteElo "2433"]
[BlackElo "2218"]
[PlyCount "73"]
[EventDate "2017.04.21"]
[EventType "swiss"]
[EventRounds "11"]
[EventCountry "DOM"]
[SourceTitle "CBM 178 Extra"]
[Source "ChessBase"]
[SourceDate "2017.06.22"]
[SourceVersion "1"]
[SourceVersionDate "2017.06.22"]
[SourceQuality "1"]

1. c4 Nf6 2. g3 g6 3. Bg2 Bg7 4. Nc3 0-0 5. e4 d6 6. Nge2 c5 7. 0-0 Nc6 8. d3 Ne8 9. Be3 Nd4 10. Rb1 h5 11. Qd2 Kh7 12. f4 Nc7 13. b4 Rb8 14. f5 e5 15. bxc5 dxc5 16. Rf2 Bd7 17. Rbf1 gxf5 18. exf5 f6 19. Ne4 Qe7 20. Qa5 Na6 21. Nxd4 cxd4 22. Bc1 Bc6 23. Ba3 Qd8 24. Qe1 Rh8 25. Qd1 Kg8 26. Bf3 Rc8 27. Rg2 Bxe4 28. Bxe4 Nc5 29. Bd5+ Kf8 30. Bxb7 Bh6 31. Bxc8 Qxc8 32. Qa4 Be3+ 33. Kh1 Rh7 34. Rb1 Rc7 35. Rb5 Qxf5 36. Rb8+ Rc8 37. Rxc8+ 1-0

[Event "DOM-ch"]
[Site "Santo Domingo"]
[Date "2017.04.29"]
[Round "7"]
[White "Barjan Pinedo, Jose Antonio"]
[Black "Rodriguez Nunez, Jose Altagracia"]
[Result "0-1"]
[WhiteElo "2083"]
[BlackElo "2218"]
[PlyCount "100"]
[EventDate "2017.04.21"]
[EventType "swiss"]
[EventRounds "11"]
[EventCountry "DOM"]
[SourceTitle "CBM 178 Extra"]
[Source "ChessBase"]
[SourceDate "2017.06.22"]
[SourceVersion "1"]
[SourceVersionDate "2017.06.22"]
[SourceQuality "1"]

1. e4 c5 2. Nf3 a6 3. d4 cxd4 4. Nxd4 e5 5. Nb3 Nf6 6. Nc3 d6 7. Be2 Be7 8. 0-0 Be6 9. Be3 Nbd7 10. f3 Rc8 11. Qd2 Nb6 12. Rad1 d5 13. exd5 Nbxd5 14. Nxd5 Nxd5 15. c3 Nxe3 16. Qxe3 Qc7 17. Kh1 0-0 18. f4 exf4 19. Qxf4 Qb6 20. Qd4 Qc6 21. Bf3 Qb5 22. Qe4 Bc4 23. Rfe1 Rc7 24. Qf4 Qb6 25. Rd4 Be6 26. h3 Bf6 27. Rd6 Qf2 28. Re2 Qf1+ 29. Kh2 Rc4 30. Qc1 Qxc1 31. Nxc1 Bd8 32. Kg1 Bc7 33. Rd1 Bb6+ 34. Kh1 Rc7 35. Nb3 a5 36. Bd5 Bc8 37. Rf1 g6 38. Nd2 Kg7 39. Nc4 Ba7 40. Nd6 Rd7 41. Ne8+ Kh8 42. Nf6 Rdd8 43. Bb3 Bc5 44. Re4 Bf5 45. Rh4 h5 46. g4 Bd3 47. Rf3 Bb5 48. Nxh5 g5 49. Rf5 Bc6+ 50. Kh2 Rd2+ 0-1

[Event "DOM-ch"]
[Site "Santo Domingo"]
[Date "2017.04.29"]
[Round "6"]
[White "Rodriguez Nunez, Jose Altagracia"]
[Black "Guzman, Christopher"]
[Result "0-1"]
[WhiteElo "2218"]
[BlackElo "2347"]
[PlyCount "110"]
[EventDate "2017.04.21"]
[EventType "swiss"]
[EventRounds "11"]
[EventCountry "DOM"]
[SourceTitle "CBM 178 Extra"]
[Source "ChessBase"]
[SourceDate "2017.06.22"]
[SourceVersion "1"]
[SourceVersionDate "2017.06.22"]
[SourceQuality "1"]

1. d4 Nf6 2. Nf3 e6 3. Bg5 d5 4. Nbd2 Be7 5. Bxf6 Bxf6 6. e4 c5 7. e5 Be7 8. c3 Qb6 9. Rb1 cxd4 10. Nxd4 Nc6 11. Qg4 0-0 12. N2f3 Nxd4 13. Nxd4 f6 14. f4 Bc5 15. Nf3 Bf2+ 16. Kd1 Qe3 17. Kc2 f5 18. Qg5 h6 19. Qg6 Qxf4 20. h4 Qa4+ 21. b3 Qe8 22. Qxe8 Rxe8 23. Bb5 Rd8 24. Rbf1 Bc5 25. Nd4 a6 26. Bd3 Bd7 27. h5 Rac8 28. Kb2 Rf8 29. Rf4 Be7 30. g3 Rc7 31. Rhf1 Bg5 32. R4f3 Bd2 33. c4 b5 34. R1f2 bxc4 35. bxc4 Rb8+ 36. Nb3 dxc4 37. Bxc4 Rxc4 38. Rxd2 Bc6 39. Rf4 Rxf4 40. gxf4 Bd5 41. Rc2 Rb4 42. Rf2 g5 43. hxg6 Kg7 44. Kc3 Ra4 45. Kd3 Kxg6 46. Nc5 Ra3+ 47. Kd4 a5 48. Nd7 Rxa2 49. Rf1 a4 50. Kc5 Rd2 51. Rg1+ Kf7 52. Nb6 a3 53. Ra1 a2 54. Nxd5 Rxd5+ 55. Kc6 Rd2 0-1

[Event "Santo Domingo Inmortales op"]
[Site "Santo Domingo"]
[Date "2016.11.19"]
[Round "2"]
[White "Franco Rodriguez, Andres Avelino"]
[Black "Rodriguez Nunez, Jose Altagracia"]
[Result "0-1"]
[WhiteElo "2071"]
[BlackElo "2183"]
[PlyCount "100"]
[EventDate "2016.11.18"]
[EventType "swiss"]
[EventRounds "8"]
[EventCountry "DOM"]
[SourceTitle "EXT 2018"]
[Source "ChessBase"]
[SourceDate "2017.10.13"]
[SourceVersion "1"]
[SourceVersionDate "2017.10.13"]
[SourceQuality "1"]

1. d4 Nf6 2. Nf3 g6 3. c4 Bg7 4. Nc3 d5 5. g3 0-0 6. Bg2 Nc6 7. cxd5 Nxd5 8. Nxd5 Qxd5 9. 0-0 Nxd4 10. Nxd4 Qxd4 11. Qb3 Qb6 12. Qa3 Qd6 13. Qb3 c6 14. Bf4 e5 15. Be3 Qc7 16. Rac1 Be6 17. Qa4 Rfd8 18. b4 a6 19. Rfd1 Rxd1+ 20. Rxd1 Rd8 21. a3 Rd7 22. Qc2 Qd8 23. Rxd7 Qxd7 24. Bc5 Bh6 25. e3 Qd8 26. e4 b6 27. Be3 Bxe3 28. fxe3 Qd6 29. Bf1 a5 30. Qc3 axb4 31. axb4 h5 32. Be2 Bg4 33. Kf2 Kg7 34. Bxg4 hxg4 35. Ke2 Kf6 36. Qc4 Ke7 37. Qc3 f5 38. Qc4 Qe6 39. Qa6 b5 40. Qa7+ Qd7 41. Qc5+ Qd6 42. Qa7+ Kf6 43. exf5 Kxf5 44. Qf7+ Kg5 45. Qe8 Qd5 46. Qe7+ Kf5 47. Qf8+ Ke4 48. Qh6 Qd3+ 49. Kf2 Qd2+ 50. Kf1 Qd1+ 0-1

[Event "Santo Domingo Autumn op"]
[Site "Santo Domingo"]
[Date "2016.10.07"]
[Round "3"]
[White "Pena Marcano, Jose Carlos"]
[Black "Rodriguez Nunez, Jose Altagracia"]
[Result "1-0"]
[WhiteElo "1865"]
[BlackElo "2206"]
[PlyCount "51"]
[EventDate "2016.10.07"]
[EventType "swiss"]
[EventRounds "8"]
[EventCountry "DOM"]
[SourceTitle "CBM 175 Extra"]
[Source "ChessBase"]
[SourceDate "2016.12.12"]
[SourceVersion "1"]
[SourceVersionDate "2016.12.12"]
[SourceQuality "1"]

1. c4 e5 2. e3 Nf6 3. Nc3 Nc6 4. a3 a6 5. b3 d5 6. cxd5 Nxd5 7. Bb2 Be6 8. Nf3 Be7 9. Nxd5 Qxd5 10. Bc4 Qd6 11. Bxe6 Qxe6 12. Qc2 0-0 13. Bc3 Rad8 14. 0-0 Rd7 15. b4 Rfd8 16. d4 exd4 17. exd4 Bf6 18. Rfe1 Qc4 19. Qb2 Nxd4 20. Bxd4 Bxd4 21. Nxd4 Rxd4 22. Rac1 Qd5 23. Rxc7 Rd2 24. Rce7 Kf8 25. Qc1 Qf5 26. Qxd2 1-0

[Event "Santo Domingo Autumn op"]
[Site "Santo Domingo"]
[Date "2016.10.07"]
[Round "7"]
[White "Ramos Burgos, Gregory Joel"]
[Black "Rodriguez Nunez, Jose Altagracia"]
[Result "0-1"]
[WhiteElo "1724"]
[BlackElo "2206"]
[PlyCount "104"]
[EventDate "2016.10.07"]
[EventType "swiss"]
[EventRounds "8"]
[EventCountry "DOM"]
[SourceTitle "CBM 175 Extra"]
[Source "ChessBase"]
[SourceDate "2016.12.12"]
[SourceVersion "1"]
[SourceVersionDate "2016.12.12"]
[SourceQuality "1"]

1. d4 Nf6 2. c4 g6 3. Nc3 Bg7 4. Bg5 h6 5. Bxf6 Bxf6 6. e3 c5 7. d5 Qa5 8. Qc2 Na6 9. Nf3 0-0 10. Be2 Nb4 11. Qd2 d6 12. e4 Bg7 13. 0-0 Na6 14. h3 Bd7 15. Rfe1 Rad8 16. Bd3 e5 17. Nb5 Qxd2 18. Nxd2 Bxb5 19. cxb5 Nc7 20. a4 f5 21. f3 Bf6 22. Rf1 Bg5 23. Nc4 h5 24. Rab1 Rf6 25. b4 cxb4 26. Rxb4 Na8 27. Rb2 Nb6 28. Nxb6 Be3+ 29. Kh2 axb6 30. Rc2 Bc5 31. f4 fxe4 32. Bxe4 exf4 33. h4 Kg7 34. Re1 Re8 35. Ree2 Rf7 36. Bf3 Re3 37. Rc4 Rxe2 38. Bxe2 Bf2 39. Kh3 Re7 40. Rc2 Bg3 41. Rb2 Re3 42. Rc2 Kf6 43. Ra2 Kg7 44. a5 bxa5 45. b6 Kh6 46. Rc2 a4 47. Rc7 Bxh4+ 48. Bf3 Bg3 49. Be2 Rxe2 50. Rh7+ Kg5 51. Rxh5+ Kf6 52. Rf5+ Kg7 0-1

[Event "Santo Domingo Gesta Catorce op"]
[Site "Santo Domingo"]
[Date "2016.06.25"]
[Round "3"]
[White "Rodriguez Nunez, Jose Altagracia"]
[Black "Jimenez Jimenez, Leandro"]
[Result "1/2-1/2"]
[WhiteElo "2206"]
[BlackElo "1842"]
[PlyCount "78"]
[EventDate "2016.06.24"]
[EventType "swiss"]
[EventRounds "8"]
[EventCountry "DOM"]
[SourceTitle "EXT 2017"]
[Source "ChessBase"]
[SourceDate "2016.10.25"]
[SourceVersion "1"]
[SourceVersionDate "2016.10.25"]
[SourceQuality "1"]

1. e4 e5 2. Nf3 Nc6 3. Bb5 a6 4. Ba4 Nf6 5. 0-0 b5 6. Bb3 Be7 7. d4 d6 8. dxe5 dxe5 9. Qxd8+ Bxd8 10. a4 Bb7 11. axb5 axb5 12. Rxa8 Bxa8 13. Re1 0-0 14. Nc3 b4 15. Nd5 Nxd5 16. Bxd5 Bf6 17. Bd2 Rb8 18. Ra1 Bb7 19. Ra4 Be7 20. c3 bxc3 21. Bxc3 Bd6 22. Rc4 Nd4 23. Nxd4 exd4 24. Rxd4 Be5 25. Rd1 Bxc3 26. bxc3 Bxd5 27. exd5 Kf8 28. g3 Ke7 29. Kg2 Kd6 30. Kf3 Re8 31. Rd4 Re5 32. c4 Kc5 33. Rf4 f5 34. g4 fxg4+ 35. Kxg4 h5+ 36. Kf3 g5 37. Rf7 Kxc4 38. Rxc7+ Kxd5 39. Rh7 Rf5+ 1/2-1/2

[Event "Santo Domingo Gesta Catorce op"]
[Site "Santo Domingo"]
[Date "2016.06.24"]
[Round "1"]
[White "Rodriguez Nunez, Jose Altagracia"]
[Black "Arias Diaz, Ernesto Antonio"]
[Result "1-0"]
[WhiteElo "2206"]
[BlackElo "1859"]
[PlyCount "109"]
[EventDate "2016.06.24"]
[EventType "swiss"]
[EventRounds "8"]
[EventCountry "DOM"]
[SourceTitle "EXT 2017"]
[Source "ChessBase"]
[SourceDate "2016.10.25"]
[SourceVersion "1"]
[SourceVersionDate "2016.10.25"]
[SourceQuality "1"]

1. d4 Nf6 2. c4 g6 3. Nc3 Bg7 4. e4 0-0 5. Nf3 d6 6. Be2 Nbd7 7. 0-0 c6 8. Re1 e5 9. d5 Qe7 10. h3 Nc5 11. Bf1 a5 12. Bd2 h6 13. b3 Bd7 14. Rc1 Nh5 15. a3 f5 16. exf5 gxf5 17. b4 axb4 18. axb4 Ne4 19. Nxe4 fxe4 20. Ng5 Nf6 21. Nxe4 Nxe4 22. Rxe4 Bf5 23. Bd3 Bxe4 24. Bxe4 Qh4 25. f3 Ra2 26. Rc2 Rxc2 27. Qxc2 Ra8 28. Qb1 Ra6 29. dxc6 bxc6 30. b5 Rb6 31. Ba5 Rb7 32. Bxc6 Qd4+ 33. Kh2 Rb8 34. Bd5+ Kh8 35. Bc7 Qf4+ 36. Kh1 e4 37. Bxb8 Be5 38. Qg1 e3 39. Ba7 e2 40. Bf2 Bc3 41. b6 Qd2 42. b7 Qb2 43. Bd4+ Bxd4 44. Qxd4+ Qxd4 45. b8Q+ Kg7 46. Qg8+ Kf6 47. Qh8+ Kg5 48. Qxd4 e1Q+ 49. Kh2 h5 50. Qg7+ Kf4 51. Qh6+ Kf5 52. g4+ hxg4 53. hxg4+ Ke5 54. Qe6+ Kf4 55. Qxe1 1-0

[Event "DOM-ch"]
[Site "Santo Domingo"]
[Date "2016.04.17"]
[Round "11"]
[White "Rodriguez Nunez, Jose Altagracia"]
[Black "Sepulveda Herrera, Job Rodrigo"]
[Result "1-0"]
[WhiteElo "2197"]
[BlackElo "2223"]
[PlyCount "79"]
[EventDate "2016.04.01"]
[EventType "swiss"]
[EventRounds "11"]
[EventCountry "DOM"]
[SourceTitle "CBM 171 Extra"]
[Source "ChessBase"]
[SourceDate "2016.04.26"]
[SourceVersion "1"]
[SourceVersionDate "2016.04.26"]
[SourceQuality "1"]

1. d4 Nf6 2. Nf3 d5 3. c4 e6 4. Nc3 dxc4 5. e3 a6 6. a4 c5 7. Bxc4 Be7 8. 0-0 0-0 9. Qe2 Nc6 10. Rd1 cxd4 11. Nxd4 Nxd4 12. exd4 Re8 13. d5 exd5 14. Nxd5 Nxd5 15. Bxd5 Bf6 16. Bxf7+ Kxf7 17. Qh5+ g6 18. Qxh7+ Bg7 19. Bh6 Qf6 20. Rac1 Re7 21. Rd8 g5 22. Qg8+ Kg6 23. Bxg7 Qxg7 24. Rd6+ Kh5 25. Qxg7 Rxg7 26. Rd8 Rd7 27. Rh8+ Kg6 28. h4 gxh4 29. Rhxc8 Rxc8 30. Rxc8 Rd1+ 31. Kh2 Rd2 32. f3 Rxb2 33. Rc4 b5 34. axb5 Rxb5 35. Rc6+ Kh5 36. Rxa6 Rg5 37. Ra8 Rb5 38. Kh3 Rb4 39. Re8 Rb1 40. Re5+ 1-0

[Event "DOM-ch"]
[Site "Santo Domingo"]
[Date "2016.04.09"]
[Round "7"]
[White "Rodriguez Nunez, Jose Altagracia"]
[Black "Perez Florentino, Yordan Nicolas"]
[Result "1-0"]
[WhiteElo "2197"]
[BlackElo "1741"]
[PlyCount "95"]
[EventDate "2016.04.01"]
[EventType "swiss"]
[EventRounds "11"]
[EventCountry "DOM"]
[SourceTitle "CBM 171 Extra"]
[Source "ChessBase"]
[SourceDate "2016.04.26"]
[SourceVersion "1"]
[SourceVersionDate "2016.04.26"]
[SourceQuality "1"]

1. e4 d5 2. exd5 Qxd5 3. Nc3 Qa5 4. Nf3 Nf6 5. Bc4 Bf5 6. 0-0 e6 7. d3 c6 8. Bf4 Nbd7 9. a3 Be7 10. b4 Qd8 11. h3 a6 12. Bh2 Rc8 13. Re1 b5 14. Bb3 c5 15. g4 Bg6 16. Ne2 cxb4 17. Nf4 Nc5 18. Ng5 Nxb3 19. Ngxe6 fxe6 20. Nxe6 Qd7 21. cxb3 Rc6 22. Nxg7+ Kf7 23. Qf3 Rc5 24. Ne6 Rd5 25. axb4 Rxd3 26. Qf4 Bd6 27. Qh6 Bxh2+ 28. Kxh2 Qd6+ 29. f4 Rd2+ 30. Kg3 Ne4+ 31. Rxe4 Bxe4 32. Rxa6 Rg2+ 33. Kh4 Qe7+ 34. Ng5+ Kg8 35. Re6 Qf8 36. Qxf8+ Kxf8 37. Nxe4 Rb2 38. f5 Rg8 39. Nd6 Rf2 40. f6 Rxf6 41. Rxf6+ Ke7 42. Rh6 Rb8 43. Nf5+ Kd7 44. Rxh7+ Kc6 45. Kg5 Rd8 46. Rh6+ Kb7 47. Nd6+ Ka8 48. Kf5 1-0

[Event "Santo Domingo Duarte Memorial 5th"]
[Site "Santo Domingo"]
[Date "2016.01.09"]
[Round "2"]
[White "Mendez, Ruddy Antonio"]
[Black "Rodriguez Nunez, Jose Altagracia"]
[Result "1/2-1/2"]
[WhiteElo "2030"]
[BlackElo "2182"]
[PlyCount "20"]
[EventDate "2016.01.08"]
[EventType "swiss"]
[EventRounds "8"]
[EventCountry "DOM"]
[SourceTitle "CBM 170 Extra"]
[Source "ChessBase"]
[SourceDate "2016.02.25"]
[SourceVersion "1"]
[SourceVersionDate "2016.02.25"]
[SourceQuality "1"]

1. d4 Nf6 2. Nf3 d5 3. g3 c6 4. Bg2 g6 5. c4 Bg7 6. cxd5 cxd5 7. 0-0 0-0 8. Nc3 Nc6 9. Bf4 Be6 10. Qb3 Qd7 1/2-1/2

[Event "Santo Domingo Duarte Memorial 5th"]
[Site "Santo Domingo"]
[Date "2016.01.08"]
[Round "1"]
[White "Rodriguez Nunez, Jose Altagracia"]
[Black "Arias Diaz, Ernesto Antonio"]
[Result "1-0"]
[WhiteElo "2182"]
[BlackElo "1874"]
[PlyCount "67"]
[EventDate "2016.01.08"]
[EventType "swiss"]
[EventRounds "8"]
[EventCountry "DOM"]
[SourceTitle "CBM 170 Extra"]
[Source "ChessBase"]
[SourceDate "2016.02.25"]
[SourceVersion "1"]
[SourceVersionDate "2016.02.25"]
[SourceQuality "1"]

1. Nf3 d5 2. c4 d4 3. b4 Bg4 4. Ne5 Nf6 5. Bb2 e6 6. Nxg4 Nxg4 7. e3 Nxf2 8. Kxf2 dxe3+ 9. Kxe3 Qg5+ 10. Kf2 Bxb4 11. h4 Bc5+ 12. d4 Qf4+ 13. Ke1 Bb4+ 14. Nd2 Qe3+ 15. Be2 Bd6 16. Qb3 Bg3+ 17. Kd1 Qf4 18. Qxb7 0-0 19. Qxa8 c6 20. Qb7 Bxh4 21. Nf3 Bf6 22. Kc2 Qe3 23. Rae1 h6 24. Bd3 Qf4 25. Rh3 Qg4 26. Re2 Rd8 27. Ne5 Bxe5 28. dxe5 Nd7 29. Qc7 Qg5 30. Rg3 Qe7 31. Rd2 Rb8 32. Ba3 Qh4 33. Rh3 Qe1 34. Bc1 1-0

[Event "Santo Domingo Summer op"]
[Site "Santo Domingo"]
[Date "2015.07.25"]
[Round "6"]
[White "Rodriguez Nunez, Jose Altagracia"]
[Black "De Los Santos Nunez, Eddy"]
[Result "0-1"]
[WhiteElo "2193"]
[BlackElo "2104"]
[PlyCount "68"]
[EventDate "2015.07.17"]
[EventType "swiss"]
[EventRounds "8"]
[EventCountry "DOM"]
[SourceTitle "EXT 2016"]
[Source "ChessBase"]
[SourceDate "2015.10.08"]
[SourceVersion "1"]
[SourceVersionDate "2015.10.08"]
[SourceQuality "1"]

1. e4 c5 2. Nf3 Nc6 3. Bb5 g6 4. 0-0 Bg7 5. Re1 Nf6 6. c3 0-0 7. h3 a6 8. Bf1 d5 9. e5 Nd7 10. d4 e6 11. Bg5 Qb6 12. Qd2 f6 13. Bf4 fxe5 14. dxe5 Rxf4 15. Qxf4 Qxb2 16. Nbd2 Qxc3 17. Rac1 Qb2 18. Rb1 Qa3 19. Rb3 Qa5 20. Rbe3 Qc7 21. Bd3 b5 22. h4 d4 23. R3e2 c4 24. Be4 d3 25. Bxc6 Qxc6 26. Re3 Bb7 27. Qg4 c3 28. Rxd3 cxd2 29. Rxd2 Nf8 30. Rd6 Qc4 31. Qg3 Qxa2 32. Ng5 Qc4 33. Red1 Bd5 34. Rd4 Qxd4 0-1

[Event "Santo Domingo Summer op"]
[Site "Santo Domingo"]
[Date "2015.07.18"]
[Round "2"]
[White "Rodriguez Nunez, Jose Altagracia"]
[Black "De Jesus Rosa, Michel"]
[Result "1-0"]
[WhiteElo "2193"]
[BlackElo "2057"]
[PlyCount "111"]
[EventDate "2015.07.17"]
[EventType "swiss"]
[EventRounds "8"]
[EventCountry "DOM"]
[SourceTitle "EXT 2016"]
[Source "ChessBase"]
[SourceDate "2015.10.08"]
[SourceVersion "1"]
[SourceVersionDate "2015.10.08"]
[SourceQuality "1"]

1. Nf3 d5 2. g3 c6 3. Bg2 Bf5 4. 0-0 h6 5. d3 Nf6 6. Nc3 Nbd7 7. Nh4 Bh7 8. e4 e6 9. Re1 Be7 10. e5 Ng8 11. Qg4 g5 12. Nf3 Bf5 13. Qa4 Nc5 14. Qd4 Na6 15. Qe3 c5 16. Qe2 Nc7 17. a4 h5 18. Rd1 g4 19. Nd2 Qd7 20. Nde4 Bg6 21. Nd6+ Bxd6 22. exd6 Qxd6 23. Bf4 Qd7 24. Qe5 f6 25. Qxc7 Qxc7 26. Bxc7 Kd7 27. Bf4 Ne7 28. a5 Bf7 29. a6 b6 30. Nb5 e5 31. Be3 Nc6 32. c4 d4 33. Bd2 Bg6 34. Be1 f5 35. Bd2 f4 36. Bxc6+ Kxc6 37. Ra3 f3 38. Re1 Rhe8 39. Bg5 e4 40. dxe4 Rxe4 41. Raa1 Re2 42. b3 Bc2 43. b4 Bd3 44. Rec1 Bxc4 45. Nxd4+ cxd4 46. Rxc4+ Kd5 47. Rc7 Rb2 48. Be7 Ke4 49. Re1+ Re2 50. Kf1 d3 51. Rd1 Rc2 52. Rd7 Ra2 53. R7xd3 Rc8 54. Rd5 Rc1 55. R5d4+ Ke5 56. Bd6+ 1-0

[Event "Santo Domingo Summer op"]
[Site "Santo Domingo"]
[Date "2015.07.18"]
[Round "3"]
[White "Rodriguez Nunez, Jose Altagracia"]
[Black "Lugo Matos, Richards Reynier"]
[Result "0-1"]
[WhiteElo "2193"]
[BlackElo "2198"]
[PlyCount "70"]
[EventDate "2015.07.17"]
[EventType "swiss"]
[EventRounds "8"]
[EventCountry "DOM"]
[SourceTitle "EXT 2016"]
[Source "ChessBase"]
[SourceDate "2015.10.08"]
[SourceVersion "1"]
[SourceVersionDate "2015.10.08"]
[SourceQuality "1"]

1. Nf3 Nf6 2. d4 g6 3. Nc3 d6 4. e4 Bg7 5. Bf4 Bg4 6. h3 Bxf3 7. Qxf3 Nc6 8. 0-0-0 0-0 9. g4 Nd7 10. Be3 e5 11. dxe5 dxe5 12. h4 Nd4 13. Qh3 h6 14. f4 c5 15. f5 Nb6 16. Kb1 Qd7 17. Qg2 Rfd8 18. Qf2 Qc6 19. Bg2 Rd7 20. Nd5 Nc4 21. Bc1 Rxd5 22. exd5 Qb6 23. Rh3 e4 24. Bxe4 Re8 25. Re1 a5 26. fxg6 fxg6 27. h5 Rf8 28. Qg1 Nxb2 29. Rb3 Nxb3 30. axb3 Na4 31. Bd2 Qf6 32. c3 Nxc3+ 33. Kc2 Nxe4 34. Rxe4 Qb2+ 35. Kd1 Qb1+ 0-1